<?xml version="1.0" encoding="UTF-8"?><OAI-PMH xmlns="http://www.openarchives.org/OAI/2.0/" xmlns:xsi="http://www.w3.org/2001/XMLSchema-instance"     xsi:schemaLocation="http://www.openarchives.org/OAI/2.0/ http://www.openarchives.org/OAI/2.0/OAI-PMH.xsd"><responseDate>2026-05-16T08:31:21Z</responseDate><request verb="GetRecord" identifier="oai:regmurcia.com:fintegr.188" metadataPrefix="marc21">http://oai.regmurcia.com/oai2/oai2.php</request><GetRecord><record><header><identifier>oai:regmurcia.com:fintegr.188</identifier><datestamp>2026-05-16</datestamp><setSpec>documentos</setSpec></header><metadata><record  xmlns="http://www.loc.gov/MARC21/slim" xmlns:xsi="http://www.w3.org/2001/XMLSchema-instance" xsi:schemaLocation="http://www.loc.gov/MARC21/slim http://www.loc.gov/standards/marcxml/schema/MARC21slim.xsd" type="Bibliographic"><leader>00000nam a2200000   4500</leader><controlfield tag="001" >005073349</controlfield><controlfield tag="003" >188</controlfield><controlfield tag="004" >A00000000</controlfield><datafield tag="245" ind1=" " ind2=" "><subfield code="a">Carta misiva de Juan II al concejo de Murcia, acusando el recibo de una carta del concejo con la quejas contra pedro Calvillo y mandando que no acojan ni presten ayuda alguna a los infantes de Aragón.</subfield></datafield><datafield tag="300" ind1=" " ind2=" "><subfield code="c">213 x 289 mm.</subfield></datafield><datafield tag="351" ind1=" " ind2=" "><subfield code="a">Unidad Documental</subfield><subfield code="c">Archivo de Murcia. Array</subfield><subfield code="a">Unidad Documental</subfield><subfield code="c">Archivo de Murcia. Array</subfield></datafield><datafield tag="351" ind1=" " ind2=" "><subfield code="b">Nº 55</subfield></datafield><datafield tag="505" ind1=" " ind2=" "><subfield code="a">/codom/16/250.pdf</subfield></datafield><datafield tag="506" ind1=" " ind2=" "><subfield code="a">Acceso restringido</subfield></datafield><datafield tag="510" ind1=" " ind2=" "><subfield code="a">Pub. ABELLÁN PÉREZ, JUAN. Documentos de Juan II. Murcia: Academia Alfonso X el Sabio, 1984, p.583-584</subfield></datafield><datafield tag="520" ind1=" " ind2=" "><subfield code="a">Juan II hace saber que ha recibido la carta que le envió el concejo, donde se  exponía lo que Pedro Calvillo y otros habían hecho contra los procuradores de la ciudad, prometiendo justicia. Manda que la ciudad permanezca en paz y  no se acoja ni se le preste ayuda de ningún tipo a Juan I de Navarra, ni a su hermano el infante don Enrique, ni a cualquier otro de sus partidarios.</subfield></datafield><datafield tag="583" ind1=" " ind2=" "><subfield code="u">http://www.regmurcia.com/servlet/s.Sl?METHOD=VERDOCUMENTO&amp;sit=serv,Carmesi&amp;n=/01/785/indice.djvu</subfield></datafield><datafield tag="592" ind1=" " ind2=" "><subfield code="a">1444-10-15</subfield></datafield><datafield tag="592" ind1=" " ind2=" "><subfield code="d">1444-10-15 00:00:00</subfield></datafield><datafield tag="651" ind1=" " ind2=" "><subfield code="a">Burgos</subfield></datafield><datafield tag="786" ind1=" " ind2=" "><subfield code="o">http://www.regmurcia.com/servlet/s.Sl?METHOD=VERDOCUMENTO&amp;sit=serv,Carmesi&amp;n=/01/785/indice.djvu</subfield></datafield><datafield tag="856" ind1=" " ind2=" "><subfield code="u">http://www.regmurcia.com/servlet/s.Sl?METHOD=DETALLE&amp;sit=c,373,m,139,serv,Carmesi&amp;id=188</subfield></datafield></record></metadata></record></GetRecord></OAI-PMH>
